Опыт описательной минералогии

Bibliografiske detaljer
Hovedforfatter: Вернадский В. И. Владимир Иванович
Summary:В капитальном труде "Опыт описательной минералогии" В. И. Вернадский излагает свои основные идеи и новые подходы к решению проблем минералогии. Современная минералогия за более чем сто лет с того времени, когда Вернадский начал свою деятельность, продвинулась далеко вперед в познании минерального мира, однако ценность трудов Вернадского заключается прежде всего в гениальном предвидении и разработке тех путей, по которым стала развиваться минералогия.
Sprog:russisk
Udgivet: Москва, Юрайт, 2019
Serier:Антология мысли
Fag:
Format: MixedMaterials Bog
KOHA link:https://koha.lib.tpu.ru/cgi-bin/koha/opac-detail.pl?biblionumber=325499

MARC

LEADER 00000nam0a2200000 4500
001 325499
005 20231102003753.0
010 |a 9785991699600 
035 |a (RuTPU)RU\TPU\book\351113 
090 |a 325499 
100 |a 20161207d2019 km y0rusy50 ca 
101 0 |a rus 
102 |a RU 
105 |a a z 001zy 
200 1 |a Опыт описательной минералогии  |f В. И. Вернадский 
210 |a Москва  |c Юрайт  |d 2019 
215 |a 496 с.  |c ил. 
225 1 |a Антология мысли 
330 |a В капитальном труде "Опыт описательной минералогии" В. И. Вернадский излагает свои основные идеи и новые подходы к решению проблем минералогии. Современная минералогия за более чем сто лет с того времени, когда Вернадский начал свою деятельность, продвинулась далеко вперед в познании минерального мира, однако ценность трудов Вернадского заключается прежде всего в гениальном предвидении и разработке тех путей, по которым стала развиваться минералогия. 
606 1 |a Минералогия описательная  |2 stltpush  |3 (RuTPU)RU\TPU\subj\43911  |9 63336 
610 1 |a самородные элементы 
610 1 |a металлы 
610 1 |a металлоиды 
610 1 |a сернистые соединения 
610 1 |a селенистые соединения 
610 1 |a сульфиды 
610 1 |a селениды 
610 1 |a сульфооснования 
610 1 |a селенооснования 
610 1 |a двойные соединения 
675 |a 549  |v 4 
700 1 |a Вернадский  |b В. И.  |g Владимир Иванович 
801 1 |a RU  |b 63413507  |c 20161207 
801 2 |a RU  |b 63413507  |c 20190614  |g RCR 
942 |c BK 
959 |a 4/20170125  |d 1  |e 1139,00  |f ЧЗТЛ:1